Texas State Symbols - Statistics

General Stats
  • This quiz has been taken 133 times
  • The average score is 9 of 34
Answer Stats
Hint Answer % Correct
nickname "The Lone Star State"
70%
footwear Cowboy Boot
69%
health nut Pecan
62%
pie Pecan Pie
62%
tree Pecan tree
62%
flower Bluebonnet
48%
mammal, large Texas Longhorn
47%
hat Cowboy Hat
46%
musical instrument guitar
46%
sport Rodeo
39%
bird Northern Mockingbird
36%
mammal, small Nine-banded Armadillo
35%
precious metal silver
35%
folk dance Square Dance
33%
amphibian Texas Toad
32%
dish Chili con Carne
31%
plant Prickly Pear Cactus
22%
crustacean Texas Gulf Shrimp
22%
motto "Friendship"
15%
hashtag #Texas
14%
gem Texas Blue Topaz
13%
fruit Texas Red Grapefruit
10%
fish Guadalupe Bass
9%
insect Monarch Butterfly
9%
native shrub Texas Purple Sage
8%
dog breed Blue Lacy Dog
7%
mammal, flying Mexican free-tailed bat
5%
vegetable sweet onion
4%
sea turtle Kemp's Ridley Sea Turtle
3%
saltwater fish Red Drum
3%
reptile Texas Horned Lizard
3%
shell Lightning Whelk
2%
shrub Crape Myrtle
0%
stone petrified palmwood
0%
No matching quizzes found
Score Distribution
Percent of People with Each Score
Percentile by Number Answered
Your Score History
You have not taken this quiz